LEADER 03030nam0 22004331i 450 001 UON00306537 005 20231205104035.256 100 $a20080115g19631964 |0itac50 ba 101 $aind 102 $aID 105 $a|||| 1|||| 200 1 $aBahasaku$fB.M. Nur, W.J.S. Poerwadarminta 210 $a[Indonesia]$cPenerbit Tiara$d1963-1964 215 $a8 v.$d18 cm 316 $aEX INVENTARI: IR 68; IND 1392; ALTRI INV.: 122860-66$5IT-UONSI INDSIIB/009 (1-8) 316 $aEX INVENTARI: IR 68; IND 1392;$5IT-UONSI INDSIIBA/009 (2) 316 $aEX INVENTARI: IR 68; IND 1392;$5IT-UONSI INDSIIBA/009 (3) 316 $aEX INVENTARI: IR 68; IND 1392;$5IT-UONSI INDSIIBA/009 (4) 316 $aEX INVENTARI: IR 68; IND 1392;$5IT-UONSI INDSIIBA/009 (5) 316 $aEX INVENTARI: IR 68; IND 1392;$5IT-UONSI INDSIIBA/009 (6) 316 $aEX INVENTARI: IR 68; IND 1392;$5IT-UONSI INDSIIBA/009 (7) 316 $aEX INVENTARI: IR 68; IND 1392;$5IT-UONSI INDSIIBA/009 (8) 606 $aLINGUA INDONESIANA$xSUSSIDI E MANUALI DIDATTICI$3UONC007820$2FI 686 $aINDS II BA$cINDONESIA - LINGUISTICA - GRAMMATICA - INDONESIANO$2A 700 1$aNUR$bB. M.$3UONV175593$0696793 701 1$aPOERWADARMINTA$bW. J. S.$3UONV016683$0640497 712 $aTiara$3UONV274109$4650 801 $aIT$bSOL$c20240220$gRICA 912 $aUON00306537 950 $aSIBA - SISTEMA BIBLIOTECARIO DI ATENEO$dSI INDS II B 009 (1-8) $eSI SA 122854 7 009 (1-8) EX INVENTARI: IR 68; IND 1392; ALTRI INV.: 122860-66 950 $aSIBA - SISTEMA BIBLIOTECARIO DI ATENEO$dSI INDS II BA 009 (2) $eSI SA 122860 5 009 (2) EX INVENTARI: IR 68; IND 1392; 950 $aSIBA - SISTEMA BIBLIOTECARIO DI ATENEO$dSI INDS II BA 009 (3) $eSI SA 122861 5 009 (3) EX INVENTARI: IR 68; IND 1392; 950 $aSIBA - SISTEMA BIBLIOTECARIO DI ATENEO$dSI INDS II BA 009 (4) $eSI SA 122862 5 009 (4) EX INVENTARI: IR 68; IND 1392; 950 $aSIBA - SISTEMA BIBLIOTECARIO DI ATENEO$dSI INDS II BA 009 (5) $eSI SA 122863 5 009 (5) EX INVENTARI: IR 68; IND 1392; 950 $aSIBA - SISTEMA BIBLIOTECARIO DI ATENEO$dSI INDS II BA 009 (6) $eSI SA 122864 5 009 (6) EX INVENTARI: IR 68; IND 1392; 950 $aSIBA - SISTEMA BIBLIOTECARIO DI ATENEO$dSI INDS II BA 009 (7) $eSI SA 122865 5 009 (7) EX INVENTARI: IR 68; IND 1392; 950 $aSIBA - SISTEMA BIBLIOTECARIO DI ATENEO$dSI INDS II BA 009 (8) $eSI SA 122866 5 009 (8) EX INVENTARI: IR 68; IND 1392; 996 $aBahasaku$91378392 997 $aUNIOR LEADER 00942nam0 22002531i 450 001 UON00138207 005 20231205102830.158 100 $a20020107d1963 |0itac50 ba 101 $atam 102 $aIN 105 $a|||| 1|||| 200 1 $aAnpirku maruntu$fGomathi Swaminathan 210 $aCenai$c[s. n.]$d1963 215 $a104 p.$d18 cm 620 $aIN$dChennai$3UONL000058 686 $aSI VI LCX$cSUBCONT. INDIANO - LETTERATURA TAMIL - PERIODO MODERNO - TESTI$2A 700 1$aSWAMINATHAN$bGomathi$3UONV081991$00 790 1$aSVAMINATAN, Komati$zSWAMINATHAN, Gomathi$3UONV090455 801 $aIT$bSOL$c20240220$gRICA 899 $aSIBA - SISTEMA BIBLIOTECARIO DI ATENEO$2UONSI 912 $aUON00138207 950 $aSIBA - SISTEMA BIBLIOTECARIO DI ATENEO$dSI SI VI Lcx 678 $eSI SA 99347 5 678 996 $aAnpirku maruntu$91279708 997 $aUNIOR LEADER 02208nam1 22004333i 450 001 NAP0161806 005 20251003044245.0 100 $a20240328g1980 ||||0itac50 ba 101 | $aita 102 $ait 181 1$6z01$ai $bxxxe 182 1$6z01$an 183 1$6z01$anc$2RDAcarrier 200 1 $aTeoria dei sistemi$fA. Balestrino, G. Celentano 210 $aNapoli$cLiguori 215 $a3 volumi$d24 cm. 463 1$1001BVE0242235$12000 $a1$fA. Balestrino, G. Celentano$v1 463 1$1001CAG0051854$12001 $aˆ3: I ‰sistemi dinamici a stato vettore$equaderno n. 3$fA. Balestrino, G. Celentano$v3 463 1$1001NAP0154646$12001 $aˆ2: I ‰sistemi a stati finiti$fA. Balestrino, G. Celentano$v2 463 1$1001NAP0161009$12001 $aˆ1: ‰Definizioni e proprieta dei sistemi dinamici$fA. Balestrino, G. Celentano$v1 463 1$1001NAP0213788$12001 $aˆ2: I ‰sistemi a stati finiti$equaderno n. 2$fA. Balestrino, G. Celentano$v2 606 $aSistemi$xTeorie$2FIR$3CFIC002409$9E 676 $a003$9SISTEMI$v14 676 $a003$9Sistemi$v22 700 1$aBalestrino$b, Aldo$3CFIV018201$4070$0330945 701 1$aCelentano$b, Giovanni$f <1948- >$3CFIV018206$4070$0719284 801 3$aIT$bIT-000000$c20240328 850 $aIT-BN0095 $aIT-NA0079 $aIT-NA0070 $aIT-AV0045 901 $bNAP 01$cSALA DING $n$ 901 $bNAP MV$cF $nDEPOSITO LIBRARIO SCIENZE SOCIALI SALA F 901 $bNAP BN$cMAGAZZINO $nmagazzini correnti divisi per anni 901 $bNAP BN$cC $nComprende volumi con collocazioni per formato catalogati prima del 1987. La consegna del doc. é effettuata dall'Uff. Distribuzione. 901 $bNAP BN$cB $nComprende volumi con collocazioni per formato catalogati prima del 1987. La consegna del doc. é effettuata dall'Uff. Distribuzione. 912 $aNAP0161806 950 1$aBiblioteca Centralizzata di Ateneo$cv. 1 (in 4 copie)$d 01SALA DING 003 BAL.te$bv. 1-3 (in più copie)$cv. 1-3 (in più copie)$d 01SALA DING 003 BAL.te 967 $m4 977 $a 01$a AG$a BN$a BU$a MV 996 $aTeoria dei sistemi$91396359 997 $aUNISANNIO